000 00934 a2200277 4500
003 OSt
005 20180116192402.0
008 120703t xxu||||| |||| 00| 0 eng d
010 _a 2009655240
020 _a0714844381 (hbk.)
020 _a9780714844381 (hbk.)
035 _a(OCoLC)ocm57750944
040 _c0
082 _a779.092
100 1 _aKubrick, Stanley.
_95437
245 1 0 _aStanley Kubrick, drama & shadows :
_bphotographs, 1945-1950 /
_cRainer Crone ; prologue by Jeff Wall.
246 3 _aStanley Kubrick, drama and shadows
260 _aLondon ;
_aNew York :
_bPhaidon,
_c2005.
300 _a255 p. :
_bill. ;
_c30 cm.
600 1 0 _aKubrick, Stanley.
_95438
650 1 0 _aPhotography, Artistic.
_95439
650 1 0 _aPhotography, Artistic
_xExhibitions
_95440
700 1 _aCrone, Rainer,
_d1942-
_95441
942 _aSADA
_cBK
_k779.092 KUB 2005
_2ddc
999 _c353348
_d353348